000
00326nam a2200133Ia 4500
008
191201s2011 xx 000 0 und d
100
_a
RAJDA, George E
245
0
_a
Principles of Risk Management and Insurance
250
_a
1st IMp
260
_a
N. Delhi
_b
Pearson
_c
2011
300
_a
748
650
_a
MBA
942
_2
ddc
_c
BK
999
_c
4782
_d
4782